Missing Word: Mixed Word Quiz Stats

 Plays Quiz Updated Feb 24, 2012

Support Sporcle.
Go Orange.
Score 0/21 Timer 03:00
0 Plays Today
MIXED-IN PHRASES PERFECT MIX % Correct
Mixed _____breed
92.9%
Mix it ____up
92.2%
Sir Mix-a-____Lot
90.9%
Never mix __________ with pleasurebusiness
90.4%
Mixed _____drink
88.2%
Mixing ____bowl
85.9%
Mixed ____message
84.6%
_____ mixerConcrete
82.9%
Mix and _____match
82.5%
'MIX' is a _______ numeralRoman
78.8%
_____ mixTrail
76.8%
MIXED-IN PHRASES PERFECT MIX % Correct
Mixed _____doubles
75.7%
____ MixChex
72.1%
_______ mixBrownie
69%
Mixed ____number
68.1%
Mixed ____word
65.9%
Just never forget to be dexterous and deft. And never mix up your right ____ with your left.foot
59.7%
A mixed _______blessing
55.1%
Mixing ____board
51.8%
____ the MixIn
47%
Mixed _____Nuts
32.9%

Today's Daily Dose

Missing Word
Inventors

Word Ladder
Feud Chain

Get the Picture
Domestic Movie Titles

From the Vault

SpongeBob Episodes: Squidward or Not

by Treverbeast454

We ask the important questions here at Sporcle.
Remove Ads.
Support Sporcle.
Get the best of Sporcle when you Go Orange. This ad-free experience offers more features, more stats, and more fun while also helping to support Sporcle. Thank you for becoming a member.

Show Comments

Extras

Top Quizzes Today


Score Distribution

Your Account Isn't Verified!

In order to create a playlist on Sporcle, you need to verify the email address you used during registration. Go to your Sporcle Settings to finish the process.

Report this User

Report this user for behavior that violates our Community Guidelines.

Details: